000 00741nam a22002291a 4500
003 OSt
005 20110915150653.0
008 091005s1997 ilu 001 0 eng d
020 _c0.00
040 _aNEGST Library - Kenya
_bDLC
_cDLC
_dDLC
050 4 _aBS 325
_b.K66 1997
100 1 _aBible League.
_97959
245 1 0 _aUwumbor Aagban Likpakpaaln.
260 _aSouth Holland, IL :
_bBible League,
_c1997.
300 _a1863 p. : ill.,
500 _a"The Bible in Konkomba, Ghana." - T.p. verso. [Africana]
600 1 0 _aKonkomba language - Texts.
_910148
600 1 0 _aBible. Konkomba. 1997.
_910149
700 1 _aGhana Institute of Linguistics, Literacy.
942 _2lcc
_cREF
999 _c40158
_d40158